000 00899nam a2200229Ia 4500
999 _c42089
_d42089
001 8779
003 GE_BSU
005 20221125105447.0
008 181216s2013||||ge |||||||||||||| ||geo||
040 _cGE_BSU
041 _ageo
080 _a61:159.9(042.4) ვ–25
100 _aვაშაძე, შორენა
_92747
245 _aსამედიცინო ფსიქოლოგიის საფუძვლები :
_bსალექციო კურსი /
_cშორენა ვაშაძე.
264 _aბათუმი,
_c2013.
300 _a356 გვ. ;
_b29 სმ.
504 _aბიბლიოგრ.გვ.311–356
653 _aსალექციო კურსი
653 _aსამედიცინო ფსიქოლოგიის საფუძვლები
653 _aფსიქოლოგია
942 _cBK
_2udc